logo

Bir Sreshtho Munshi Abdur Rouf Library
Jhenaidah Cadet College

সঙ্গীত ও নৃত্যকলা পরিভাষা-কোষ / (Record no. 4008)

MARC details
000 -LEADER
fixed length control field 00685nam a2200205 a 4500
001 - CONTROL NUMBER
JCCL Control Number 4008
003 - CONTROL NUMBER IDENTIFIER
JCCL marc code BD-JhCC
005 - DATE AND TIME OF LATEST TRANSACTION
control field 20180305122004.0
008 - FIXED-LENGTH DATA ELEMENTS--GENERAL INFORMATION
fixed length control field 171120s1972 bg |||| |||| 000 0 ben d
035 ## - SYSTEM CONTROL NUMBER
system control number (BD-JhCC)
040 ## - CATALOGING SOURCE
Original cataloging agency BD-JhCC
Modifying agency BD-JhCC
041 ## - LANGUAGE CODE
Language code of Book ben
082 ## - DEWEY DECIMAL CLASSIFICATION NUMBER
Classification number 780.3
Author mark and Year SAN 1972
245 ## - TITLE STATEMENT
Title সঙ্গীত ও নৃত্যকলা পরিভাষা-কোষ /
Statement of responsibility, etc করুণাময় গোস্বামী
260 ## - PUBLICATION, DISTRIBUTION, ETC. (IMPRINT)
Place of publication, distribution, etc ঢাকা:
Name of publisher, distributor, etc বাংলা একাডেমী,
Date of publication, distribution, etc ১৯৭২
300 ## - PHYSICAL DESCRIPTION
Pagination 27 p.;
Dimensions 22 cm
650 ## - SUBJECT ADDED ENTRY--TOPICAL TERM
Topical term or geographic name as entry element Terminology of music and dance
700 ## - ADDED ENTRY--PERSONAL NAME
Personal name গোস্বামী, করুণাময়
942 ## - ADDED ENTRY ELEMENTS (KOHA)
Source of classification or shelving scheme Dewey Decimal Classification
Koha item type Reference
Holdings
Source of classification or shelving scheme Damaged status Not for loan Home library Current library Shelving location Date of accession Cost, normal purchase price Total Checkouts Full call number Barcode Date last seen Copy number Koha item type
Dewey Decimal Classification   Not For Loan JCC Rouf Library JCC Rouf Library General Stacks 11/20/2017 15.00   780.3 SAN 1972 5490 11/20/2017 C-1 Reference
Dewey Decimal Classification   Not For Loan JCC Rouf Library JCC Rouf Library General Stacks 11/20/2017 4.00   780.3 SAN 1972 5483 11/20/2017 C-2 Reference

JCC Library | Contacts | JCC Home

Last Update on 23 September 2017
Copyright @ 2017-2020 JCC Rouf Library
Rouf Library, Jhenidah Cadet College (JCC), Bangladesh